[Event "Aktobe Dvorkovich op-A"]
[Site "Aktobe"]
[Date "2025.06.30"]
[Round "9"]
[White "Lu, Maximillian"]
[Black "Kaldarova, Ayaulym"]
[Result "1/2-1/2"]
[WhiteElo "2392"]
[BlackElo "2172"]
[PlyCount "161"]
[EventDate "2025.06.22"]
[EventType "swiss"]
[EventRounds "9"]
[EventCountry "KAZ"]
[SourceTitle "CB27_2025"]
[SourceDate "2025.07.02"]
[SourceVersion "1"]
[SourceVersionDate "2025.07.02"]
[SourceQuality "1"]

1. g3 d5 2. Nf3 Nf6 3. Bg2 c5 4. 0-0 e6 5. c4 d4 6. e3 Nc6 7. exd4 cxd4 8. d3 Bd6 9. a3 a5 10. Bg5 h6 11. Bxf6 Qxf6 12. Nbd2 Qe7 13. Re1 f5 14. c5 Bxc5 15. Nh4 0-0 16. Ng6 Qd8 17. Nxf8 Bxf8 18. Nc4 Ra6 19. Rc1 b5 20. Nd2 Bd7 21. Qb3 Ne7 22. Nf3 a4 23. Qa2 Nc6 24. Ng5 Nb4 25. axb4 hxg5 26. Bc6 Kf7 27. Re2 Bxb4 28. Rec2 Bd6 29. Bb7 Rb6 30. Bc8 Bxc8 31. Rxc8 Qd7 32. Qb1 b4 33. Qc2 a3 34. bxa3 bxa3 35. Ra8 Kf6 36. Qc4 Be7 37. Ra4 Rb5 38. Re1 Rd5 39. Ra6 Bd6 40. Rb1 g4 41. Rbb6 Kf7 42. Qb3 Qd8 43. Rb7+ Kg6 44. Rbb6 Kh5 45. h3 Qc7 46. Rc6 Qe7 47. hxg4+ fxg4 48. Qd1 Qf8 49. Qc2 Re5 50. Rxd6 Re1+ 51. Kh2 Qf3 52. Ra5+ g5 53. Rxg5+ Kh6 54. Rxe6+ Rxe6 55. Rc5 Kg6 56. Qd2 Kf7 57. Rc7+ Ke8 58. Rc8+ Kd7 59. Rh8 Re2 60. Rh7+ Ke8 61. Rh8+ Kf7 62. Qf4+ Qxf4 63. gxf4 Rxf2+ 64. Kg3 Rf3+ 65. Kxg4 Rxd3 66. Kf5 Re3 67. Rh7+ Kg8 68. Ra7 Kf8 69. Ra8+ Ke7 70. Ra4 Kd6 71. Rxd4+ Kc5 72. Ra4 Kb5 73. Ra8 Kb4 74. Kf6 Kb3 75. f5 Kb2 76. Kg7 Rg3+ 77. Kh7 a2 78. Rxa2+ Kxa2 79. f6 Rf3 80. Kg7 Rxf6 81. Kxf6 1/2-1/2

[Event "Aktobe Dvorkovich op-A"]
[Site "Aktobe"]
[Date "2025.06.26"]
[Round "5"]
[White "Lu, Maximillian"]
[Black "Badelka, Olga"]
[Result "1-0"]
[WhiteElo "2392"]
[BlackElo "2424"]
[PlyCount "107"]
[EventDate "2025.06.22"]
[EventType "swiss"]
[EventRounds "9"]
[EventCountry "KAZ"]
[SourceTitle "CB27_2025"]
[SourceDate "2025.07.02"]
[SourceVersion "1"]
[SourceVersionDate "2025.07.02"]
[SourceQuality "1"]

1. c4 e6 2. Nf3 Nf6 3. b3 d5 4. Bb2 Bd6 5. g3 Nc6 6. d4 b6 7. Bg2 Bb7 8. cxd5 exd5 9. 0-0 0-0 10. Nc3 Re8 11. Rc1 a6 12. e3 Bf8 13. Ne2 Ne7 14. Qc2 c6 15. Nf4 Ng6 16. Nxg6 hxg6 17. Ne5 Rc8 18. Rfd1 Ne4 19. Bxe4 dxe4 20. Qxe4 Re6 21. Qg2 Ba8 22. e4 Qe8 23. Nc4 Rd8 24. Nxb6 Rxe4 25. Nxa8 Rxa8 26. Bc3 a5 27. Re1 Rxe1+ 28. Rxe1 Qd7 29. Qf3 a4 30. b4 Re8 31. Rxe8 Qxe8 32. Qe3 Qd7 33. Qe4 a3 34. h4 f5 35. Qe5 Qf7 36. d5 Qxd5 37. Qxd5+ cxd5 38. Kf1 d4 39. Bxd4 Bxb4 40. Ke2 Kf7 41. Kd3 f4 42. g4 Be7 43. g5 Bf8 44. f3 Bb4 45. Ke4 Bd2 46. Bc5 Bc1 47. Ke5 Ke8 48. Ke6 Bb2 49. Bb4 Bc1 50. Bd6 Kd8 51. Kf7 Kd7 52. Be5 Bb2 53. Bxg7 Kc6 54. Kxg6 1-0

[Event "Budapest One Week GM-A 03"]
[Site "Budapest"]
[Date "2025.03.19"]
[Round "4"]
[White "Lu, Maximillian"]
[Black "Mirzoev, Azer"]
[Result "1/2-1/2"]
[WhiteElo "2392"]
[BlackElo "2470"]
[PlyCount "45"]
[EventDate "2025.03.17"]
[EventType "tourn"]
[EventRounds "9"]
[EventCountry "HUN"]
[EventCategory "6"]
[SourceTitle "CB13_2025"]
[SourceDate "2025.03.26"]
[SourceVersion "1"]
[SourceVersionDate "2025.03.26"]
[SourceQuality "1"]

1. Nf3 d5 2. g3 Nf6 3. Bg2 e6 4. c4 Be7 5. b3 0-0 6. Bb2 a5 7. Nc3 c6 8. 0-0 Na6 9. d4 b6 10. Ne5 Bb7 11. e4 Bb4 12. exd5 exd5 13. Rc1 Re8 14. Na4 Bf8 15. Qf3 Rc8 16. h4 b5 17. cxb5 cxb5 18. Rxc8 Qxc8 19. Rc1 Qb8 20. Nc3 Nc7 21. Ne2 Ne6 22. Nf4 Nxf4 23. Qxf4 1/2-1/2

[Event "New York 1000 GM Summer GM-B"]
[Site "New York"]
[Date "2024.07.14"]
[Round "8"]
[White "Lu, Maximillian"]
[Black "Jacobson, Aaron"]
[Result "0-1"]
[WhiteElo "2400"]
[BlackElo "2392"]
[PlyCount "48"]
[EventDate "2024.07.09"]
[EventType "tourn"]
[EventRounds "9"]
[EventCountry "USA"]
[EventCategory "7"]
[SourceTitle "CBM 221 Extra"]
[Source "ChessBase"]
[SourceDate "2024.09.30"]
[SourceVersion "1"]
[SourceVersionDate "2024.09.30"]
[SourceQuality "1"]

1. Nf3 d5 2. e3 c5 3. b3 a6 4. Bb2 Nc6 5. d4 Nf6 6. Be2 cxd4 7. Nxd4 e6 8. 0-0 Bd6 9. c4 e5 10. Nxc6 bxc6 11. Qc1 0-0 12. Rd1 a5 13. cxd5 cxd5 14. Nc3 Be6 15. Ba3 Bb4 16. Nb5 Bd7 17. Qb2 Bxb5 18. Bxb5 Qd6 19. Bxb4 axb4 20. Ba4 Ne4 21. a3 Nc3 22. Rd2 Rfb8 23. axb4 Qxb4 24. Qc2 Qxb3 0-1

[Event "New York 1000 GM Summer GM-B"]
[Site "New York"]
[Date "2024.07.12"]
[Round "4"]
[White "Lu, Maximillian"]
[Black "Mendes, Aaron Reeve"]
[Result "1-0"]
[WhiteElo "2400"]
[BlackElo "2312"]
[PlyCount "147"]
[EventDate "2024.07.09"]
[EventType "tourn"]
[EventRounds "9"]
[EventCountry "USA"]
[EventCategory "7"]
[SourceTitle "CBM 221 Extra"]
[Source "ChessBase"]
[SourceDate "2024.09.30"]
[SourceVersion "1"]
[SourceVersionDate "2024.09.30"]
[SourceQuality "1"]

1. Nf3 d5 2. c4 c6 3. g3 Nf6 4. Bg2 Bf5 5. 0-0 e6 6. Qb3 Qb6 7. d3 Nbd7 8. cxd5 Qxb3 9. axb3 exd5 10. Na3 Bd6 11. Nc2 0-0 12. Nfd4 Bg6 13. b4 a6 14. Bd2 Rfe8 15. Rfe1 h6 16. Bc3 Rac8 17. Bh3 Re7 18. Ne3 Ree8 19. Nef5 Bf8 20. f4 Bxf5 21. Nxf5 Rcd8 22. Nd4 Bd6 23. Bg2 c5 24. bxc5 Bxc5 25. Bf3 Bb6 26. Kg2 Nb8 27. Ra4 Bxd4 28. Bxd4 Nc6 29. Bb6 Rd6 30. Bc5 Rd7 31. Rc1 Kh7 32. Rc2 Rc8 33. Bf2 Rcd8 34. Bb6 Re8 35. e4 dxe4 36. dxe4 g5 37. Kf2 h5 38. h3 g4 39. hxg4 Nxg4+ 40. Kg2 f6 41. Kh3 Rg8 42. Rc5 Kh6 43. Rd5 Rxd5 44. exd5 Ne7 45. d6 Nc8 46. Bc7 Rg7 47. Rd4 Rd7 48. Bxg4 hxg4+ 49. Kxg4 Kg6 50. f5+ Kh6 51. Bb8 Rg7+ 52. Kf3 Nb6 53. Ba7 Nd7 54. Rh4+ Kg5 55. Rg4+ Kh6 56. Rh4+ Kg5 57. Rg4+ Kh6 58. Be3+ Kh7 59. Rh4+ Kg8 60. Bd4 Kf7 61. g4 Kg8 62. Ke4 Kf7 63. Kd5 Nf8 64. Rh6 Nd7 65. Rh4 Nf8 66. Rh6 Nd7 67. g5 Rxg5 68. Rh7+ Ke8 69. Re7+ Kd8 70. Ke6 Nf8+ 71. Kf7 Nh7 72. Bb6+ Kc8 73. d7+ Kb8 74. d8R# 1-0

[Event "New York 1000 GM Summer GM-B"]
[Site "New York"]
[Date "2024.07.11"]
[Round "3"]
[White "Lu, Maximillian"]
[Black "Shlyakhtenko, Robert"]
[Result "1/2-1/2"]
[WhiteElo "2400"]
[BlackElo "2412"]
[PlyCount "97"]
[EventDate "2024.07.09"]
[EventType "tourn"]
[EventRounds "9"]
[EventCountry "USA"]
[EventCategory "7"]
[SourceTitle "CBM 221 Extra"]
[Source "ChessBase"]
[SourceDate "2024.09.30"]
[SourceVersion "1"]
[SourceVersionDate "2024.09.30"]
[SourceQuality "1"]

1. Nf3 d5 2. g3 Nd7 3. d4 Nb6 4. Bg2 Bf5 5. 0-0 e6 6. Nh4 Bg4 7. h3 Bh5 8. Nd2 Be7 9. Nhf3 c6 10. Ne5 Nf6 11. c4 Nfd7 12. Nxd7 Nxd7 13. Re1 0-0 14. Qb3 Qb6 15. e4 Qxd4 16. exd5 Nc5 17. Qe3 Qxe3 18. Rxe3 Rad8 19. Nb3 cxd5 20. cxd5 Rd7 21. Bd2 Nxb3 22. axb3 exd5 23. Rxe7 Rxe7 24. Bb4 Rd7 25. Bxf8 Kxf8 26. Ra5 b6 27. Rxd5 Rxd5 28. Bxd5 Ke7 29. f4 f6 30. b4 Bf7 31. Be4 Bg6 32. Bf3 Kd6 33. Kf2 a5 34. Ke3 axb4 35. Kd4 Bf7 36. Be4 h6 37. h4 g5 38. hxg5 fxg5 39. fxg5 hxg5 40. Bg2 Bb3 41. Bf3 Bf7 42. Bg2 Ba2 43. Bf3 Bg8 44. Bg2 Bf7 45. Bf3 Bb3 46. Bg2 Bd1 47. Bb7 Be2 48. Bd5 Bf1 49. Bf3 1/2-1/2

[Event "San Jose 1000 GM 07"]
[Site "San Jose"]
[Date "2024.07.06"]
[Round "6"]
[White "Shivakumar, Shawnak"]
[Black "Lu, Maximillian"]
[Result "1-0"]
[WhiteElo "2323"]
[BlackElo "2400"]
[PlyCount "83"]
[EventDate "2024.07.03"]
[EventType "tourn"]
[EventRounds "9"]
[EventCountry "USA"]
[EventCategory "6"]
[SourceTitle "CBM 221 Extra"]
[Source "ChessBase"]
[SourceDate "2024.09.30"]
[SourceVersion "1"]
[SourceVersionDate "2024.09.30"]
[SourceQuality "1"]

1. d4 Nf6 2. Nf3 g6 3. c4 Bg7 4. g3 b6 5. Bg2 Bb7 6. 0-0 0-0 7. d5 Na6 8. Nc3 Nc5 9. Re1 Nfe4 10. Nxe4 Nxe4 11. Qc2 Nc5 12. e4 c6 13. Bf4 Rc8 14. Rad1 b5 15. d6 Bf6 16. e5 Bg7 17. Bg5 Qa5 18. dxe7 Rfe8 19. a3 bxc4 20. Qxc4 Ne6 21. Bf6 c5 22. Ng5 Bxg2 23. Nxe6 dxe6 24. Kxg2 Qb6 25. Re2 h6 26. Red2 Qb7+ 27. Kg1 Rxe7 28. Bxe7 Qxe7 29. Rd7 Qg5 30. Qf4 Qxf4 31. gxf4 g5 32. Rd8+ Rxd8 33. Rxd8+ Kh7 34. Rc8 gxf4 35. Rxc5 Kg6 36. Ra5 Kf5 37. Rxa7 Bxe5 38. Rxf7+ Ke4 39. b4 Bd6 40. Rf6 Kd5 41. Rxh6 Be5 42. Rh5 1-0

[Event "San Jose 1000 GM 07"]
[Site "San Jose"]
[Date "2024.07.05"]
[Round "4"]
[White "Gumularz, Szymon"]
[Black "Lu, Maximillian"]
[Result "1/2-1/2"]
[WhiteElo "2587"]
[BlackElo "2400"]
[PlyCount "101"]
[EventDate "2024.07.03"]
[EventType "tourn"]
[EventRounds "9"]
[EventCountry "USA"]
[EventCategory "6"]
[SourceTitle "CBM 221 Extra"]
[Source "ChessBase"]
[SourceDate "2024.09.30"]
[SourceVersion "1"]
[SourceVersionDate "2024.09.30"]
[SourceQuality "1"]

1. Nf3 d5 2. e3 Nf6 3. c4 e6 4. Nc3 b6 5. b3 Bb7 6. Bb2 Nbd7 7. cxd5 exd5 8. Rc1 a6 9. Ne2 Rc8 10. g3 Nc5 11. d3 Ne6 12. a3 Bd6 13. Bh3 c5 14. 0-0 0-0 15. Bg2 Re8 16. d4 Ne4 17. dxc5 bxc5 18. Nd2 N6g5 19. Nc3 Nxc3 20. Bxc3 Bc6 21. Bb2 Bf8 22. h4 Ne4 23. Nxe4 dxe4 24. Qxd8 Rexd8 25. Rfd1 a5 26. Rxd8 Rxd8 27. b4 axb4 28. axb4 Rb8 29. Ba3 cxb4 30. Bxb4 Bd5 31. Bxf8 Kxf8 32. Rd1 Rb5 33. g4 Be6 34. g5 f6 35. gxf6 gxf6 36. Kh2 f5 37. Rd6 Ke7 38. Ra6 Rb7 39. Kg3 Kf6 40. Bh3 Rb2 41. Rc6 Rd2 42. Bf1 Ke5 43. Bc4 Bxc4 44. Rxc4 h6 45. Rc8 Rd6 46. h5 Rd2 47. Re8+ Kf6 48. Rg8 Ke5 49. Kg2 Rd6 50. Rh8 Rf6 51. Kg3 1/2-1/2

[Event "San Jose 1000 GM 07"]
[Site "San Jose"]
[Date "2024.07.05"]
[Round "5"]
[White "Lu, Maximillian"]
[Black "Grigoryan, Karen H"]
[Result "0-1"]
[WhiteElo "2400"]
[BlackElo "2573"]
[PlyCount "66"]
[EventDate "2024.07.03"]
[EventType "tourn"]
[EventRounds "9"]
[EventCountry "USA"]
[EventCategory "6"]
[SourceTitle "CBM 221 Extra"]
[Source "ChessBase"]
[SourceDate "2024.09.30"]
[SourceVersion "1"]
[SourceVersionDate "2024.09.30"]
[SourceQuality "1"]

1. d4 d5 2. Nf3 Nf6 3. c4 c6 4. g3 g6 5. Bg2 Bg7 6. cxd5 cxd5 7. Ne5 0-0 8. Nc3 Nc6 9. Nxc6 bxc6 10. 0-0 Ba6 11. Bf4 Nd7 12. Rc1 Qb6 13. Be3 Qxb2 14. Qa4 Qb7 15. Rb1 Nb6 16. Qa3 Qc8 17. Qxe7 Nc4 18. Bf4 Bxd4 19. Rbc1 Qe6 20. Qb4 Bb6 21. e4 d4 22. Na4 Bb5 23. Nxb6 axb6 24. Rfd1 Ra4 25. Qb3 Ra3 26. Qb4 Ra4 27. Qb3 Na5 28. Qxe6 fxe6 29. Rd2 Nc4 30. Rdc2 d3 31. Rc3 d2 32. Rd1 Rxa2 33. Bf1 Rfa8 0-1

[Event "American Continental 18th"]
[Site "Medellin"]
[Date "2024.05.29"]
[Round "8"]
[White "Campos, Maria Jose"]
[Black "Lu, Maximillian"]
[Result "1-0"]
[WhiteElo "2214"]
[BlackElo "2372"]
[PlyCount "67"]
[EventDate "2024.05.24"]
[EventType "swiss"]
[EventRounds "11"]
[EventCountry "COL"]
[SourceTitle "CBM 220 Extra"]
[Source "ChessBase"]
[SourceDate "2024.07.31"]
[SourceVersion "1"]
[SourceVersionDate "2024.07.31"]
[SourceQuality "1"]

1. c4 e5 2. Nc3 Bb4 3. e4 Nf6 4. g3 Bxc3 5. dxc3 0-0 6. f3 d6 7. Be3 Be6 8. Nh3 h6 9. Nf2 a5 10. a4 Nc6 11. b3 Nd7 12. Ra2 f5 13. exf5 Bxf5 14. Bg2 Qf6 15. 0-0 Rae8 16. Ne4 Qe6 17. Qd5 Ne7 18. Qxb7 Rb8 19. Qxc7 Bxe4 20. fxe4 Rfc8 21. Qxa5 Rxb3 22. Rd2 Rxc4 23. Rfd1 Rc6 24. Bf1 Nc8 25. Bh3 Qxh3 26. Qd5+ Kh7 27. Qxc6 Nc5 28. Bxc5 Rxc3 29. Qb7 dxc5 30. Qf7 Nb6 31. Rd8 Nc4 32. Qg8+ Kg6 33. R8d6+ Kh5 34. Qf7+ 1-0

[Event "American Continental Blitz 18th"]
[Site "Medellin"]
[Date "2024.05.29"]
[Round "6"]
[White "Lu, Maximillian"]
[Black "Mendez Machado, Andre"]
[Result "1-0"]
[WhiteElo "2372"]
[BlackElo "2106"]
[PlyCount "57"]
[EventDate "2024.05.29"]
[EventType "swiss (blitz)"]
[EventRounds "9"]
[EventCountry "COL"]
[SourceTitle "CBM 220 Extra"]
[Source "ChessBase"]
[SourceDate "2024.07.31"]
[SourceVersion "1"]
[SourceVersionDate "2024.07.31"]
[SourceQuality "1"]

1. Nh3 d5 2. g3 e5 3. d4 exd4 4. Qxd4 c5 5. Qd1 Nf6 6. Bg2 Nc6 7. 0-0 Be7 8. c4 d4 9. Nf4 0-0 10. Nd2 Bf5 11. Nd5 Be6 12. Nxf6+ Bxf6 13. Qb3 Na5 14. Qc2 Rb8 15. Ne4 Bxc4 16. Nxc5 Bd5 17. Qf5 Bxg2 18. Kxg2 g6 19. Qf3 Nc6 20. Bf4 Be5 21. Bh6 Re8 22. Rfd1 Bg7 23. Bf4 Be5 24. Bh6 Qe7 25. Rac1 b6 26. Na6 Rbc8 27. Rxc6 Rxc6 28. Qxc6 Rd8 29. h4 1-0

[Event "American Continental 18th"]
[Site "Medellin"]
[Date "2024.05.26"]
[Round "4"]
[White "Ruiz Aguilar, Pablo Alexander"]
[Black "Lu, Maximillian"]
[Result "0-1"]
[WhiteElo "2163"]
[BlackElo "2372"]
[PlyCount "76"]
[EventDate "2024.05.24"]
[EventType "swiss"]
[EventRounds "11"]
[EventCountry "COL"]
[SourceTitle "CBM 220 Extra"]
[Source "ChessBase"]
[SourceDate "2024.07.31"]
[SourceVersion "1"]
[SourceVersionDate "2024.07.31"]
[SourceQuality "1"]

1. e4 c6 2. Nf3 d5 3. Nc3 g6 4. h3 Bg7 5. d4 dxe4 6. Nxe4 Nd7 7. Bc4 Ngf6 8. Nxf6+ Nxf6 9. 0-0 0-0 10. Re1 Qc7 11. Qe2 e6 12. c3 b6 13. Ne5 Nd5 14. h4 f6 15. Nd3 a5 16. a4 Kh8 17. Qf3 Bd7 18. Bb3 Rad8 19. h5 g5 20. Bc2 Ne7 21. Bb3 Qc8 22. Qe2 Nd5 23. f4 h6 24. Bc2 e5 25. fxe5 Bg4 26. Qd2 Bxh5 27. c4 Nc7 28. exf6 Rxf6 29. Ne5 Ne6 30. Qd3 Nf8 31. Qe4 Re6 32. Rf1 Kg8 33. Rxf8+ Kxf8 34. Bxg5 hxg5 35. Rf1+ Rf6 36. Rxf6+ Bxf6 37. Nxc6 Re8 38. Ne5 Bxe5 0-1

[Event "American Continental 18th"]
[Site "Medellin"]
[Date "2024.05.25"]
[Round "2"]
[White "Martinez Serna, Juan Esteban"]
[Black "Lu, Maximillian"]
[Result "1/2-1/2"]
[WhiteElo "2004"]
[BlackElo "2372"]
[PlyCount "178"]
[EventDate "2024.05.24"]
[EventType "swiss"]
[EventRounds "11"]
[EventCountry "COL"]
[SourceTitle "CBM 220 Extra"]
[Source "ChessBase"]
[SourceDate "2024.07.31"]
[SourceVersion "1"]
[SourceVersionDate "2024.07.31"]
[SourceQuality "1"]

1. d4 Nf6 2. c4 e6 3. Nf3 d5 4. Nc3 Bb4 5. cxd5 exd5 6. Qc2 c5 7. Bg5 h6 8. Bxf6 Qxf6 9. e3 0-0 10. Be2 Nc6 11. 0-0 Bf5 12. Bd3 Be6 13. dxc5 Bxc5 14. Nb5 Bb6 15. Qc3 Qe7 16. Nbd4 Rac8 17. Qb3 Na5 18. Qb5 Nc4 19. Rac1 Rc5 20. Qb3 Rfc8 21. Rc2 Bd7 22. h3 Qe8 23. Bf5 Ba4 24. Qb4 Ba5 25. Qxb7 R8c7 26. Qa6 Bxc2 27. Nxc2 Nxb2 28. Rb1 Bc3 29. Ncd4 g6 30. Bd3 Ra5 31. Qd6 Rd7 32. Qc6 Bxd4 33. Bb5 Rxb5 34. Qxb5 Bf6 35. Rxb2 Bxb2 36. Qxb2 Rc7 37. Ne5 Re7 38. Ng4 Re6 39. Nf6+ Rxf6 40. Qxf6 Qe4 41. Qd8+ Kg7 42. Qa5 Qb1+ 43. Kh2 Qb8+ 44. g3 Qb2 45. Kg2 Qb7 46. Kh2 h5 47. Qc3+ Kg8 48. Qd4 a5 49. h4 Qb5 50. Kg2 a4 51. Qe5 Qc4 52. Qe8+ Kg7 53. Qe5+ Kg8 54. Qe8+ Kg7 55. Qe5+ Kf8 56. Qb8+ Ke7 57. Qa7+ Ke6 58. Qb6+ Kf5 59. a3 Qe4+ 60. Kh2 Qc2 61. Kg2 Qe4+ 62. Kh2 Qf3 63. Qb2 Kg4 64. Qd4+ Kf5 65. Qb2 Kg4 66. Qd4+ Qe4 67. Qf6 Qf5 68. Qd4+ Kf3 69. Qd2 Qe4 70. Qb2 f5 71. Qd2 Qc4 72. Kg1 Qb3 73. Qc1 Qd3 74. Qa1 Qe2 75. Qf1 Qxf1+ 76. Kxf1 f4 77. gxf4 d4 78. exd4 Ke4 79. Ke2 Kxd4 80. f3 Kc3 81. Ke3 Kb3 82. Kd3 Kxa3 83. Kc3 Ka2 84. Kc2 Ka1 85. Kc1 Ka2 86. Kc2 a3 87. f5 gxf5 88. f4 Ka1 89. Kc1 a2 1/2-1/2

[Event "American Continental 18th"]
[Site "Medellin"]
[Date "2024.05.24"]
[Round "1"]
[White "Lu, Maximillian"]
[Black "Garces Trujillo, Luis Javier"]
[Result "1-0"]
[WhiteElo "2372"]
[BlackElo "1846"]
[PlyCount "73"]
[EventDate "2024.05.24"]
[EventType "swiss"]
[EventRounds "11"]
[EventCountry "COL"]
[SourceTitle "CBM 220 Extra"]
[Source "ChessBase"]
[SourceDate "2024.07.31"]
[SourceVersion "1"]
[SourceVersionDate "2024.07.31"]
[SourceQuality "1"]

1. e4 c5 2. Nf3 Nc6 3. Bb5 e6 4. 0-0 Nge7 5. Re1 a6 6. Bf1 d5 7. exd5 Nxd5 8. d4 cxd4 9. Nxd4 Be7 10. Nxc6 bxc6 11. c4 Nf6 12. Qf3 Bb7 13. Nc3 0-0 14. Be3 Qa5 15. a3 Rab8 16. b4 Qh5 17. Qxh5 Nxh5 18. Na4 Nf6 19. Rad1 a5 20. bxa5 Bxa3 21. Rb1 Ba8 22. a6 Bd6 23. Red1 Ng4 24. Bc5 Bxh2+ 25. Kh1 Rxb1 26. Rxb1 Rb8 27. Bb6 Bc7 28. f3 Nf6 29. a7 Rb7 30. Bd3 Ne8 31. c5 Bg3 32. Rd1 Nf6 33. Ba6 Rd7 34. Rxd7 Nxd7 35. Ba5 Bf2 36. Bb4 f6 37. Bc8 1-0

[Event "Budapest SixDays 05 GM-B"]
[Site "Budapest"]
[Date "2024.05.21"]
[Round "9"]
[White "Kuru, Atilla"]
[Black "Lu, Maximillian"]
[Result "1-0"]
[WhiteElo "2312"]
[BlackElo "2372"]
[PlyCount "119"]
[EventDate "2024.05.16"]
[EventType "tourn"]
[EventRounds "9"]
[EventCountry "HUN"]
[EventCategory "6"]
[SourceTitle "CBM 220 Extra"]
[Source "ChessBase"]
[SourceDate "2024.07.31"]
[SourceVersion "1"]
[SourceVersionDate "2024.07.31"]
[SourceQuality "1"]

1. e4 c5 2. Nc3 a6 3. g3 Nc6 4. Bg2 g6 5. Nge2 Bg7 6. d3 e6 7. Be3 d6 8. Qd2 Nd4 9. 0-0 Ne7 10. Bh6 0-0 11. Nxd4 cxd4 12. Ne2 e5 13. Bxg7 Kxg7 14. c3 dxc3 15. bxc3 Be6 16. f4 f6 17. h3 Rc8 18. g4 Qa5 19. Kh1 exf4 20. Qxf4 Qc7 21. Nd4 Bd7 22. Rae1 b5 23. h4 Qc5 24. Nf3 g5 25. Qg3 Ng6 26. hxg5 fxg5 27. d4 Qxc3 28. Qxd6 Bxg4 29. Nxg5 h6 30. Ne6+ Bxe6 31. Qxe6 Qxd4 32. Qxa6 Qe5 33. Qb7+ Ne7 34. Qd7 h5 35. Rb1 Rxf1+ 36. Rxf1 Rf8 37. Rd1 Qg5 38. Rg1 Kh6 39. Bh3 Qh4 40. Qd2+ Rf4 41. Qe3 Ng6 42. e5 Nxe5 43. Qg3 Qf6 44. Qe3 Kh7 45. Re1 Qc6+ 46. Bg2 Rh4+ 47. Kg1 Rg4 48. Re2 Ng6 49. Kf1 Qf6+ 50. Rf2 Nf4 51. Be4+ Kh6 52. Bb1 h4 53. Qe4 Rg1+ 54. Kxg1 Nh3+ 55. Kh2 Qxf2+ 56. Qg2 Qxg2+ 57. Kxg2 Nf4+ 58. Kf3 h3 59. Kxf4 h2 60. Be4 1-0

[Event "Budapest SixDays 05 GM-B"]
[Site "Budapest"]
[Date "2024.05.16"]
[Round "1"]
[White "Lu, Maximillian"]
[Black "Stefansson, Vignir Vatnar"]
[Result "0-1"]
[WhiteElo "2372"]
[BlackElo "2462"]
[PlyCount "88"]
[EventDate "2024.05.16"]
[EventType "tourn"]
[EventRounds "9"]
[EventCountry "HUN"]
[EventCategory "6"]
[SourceTitle "CBM 220 Extra"]
[Source "ChessBase"]
[SourceDate "2024.07.31"]
[SourceVersion "1"]
[SourceVersionDate "2024.07.31"]
[SourceQuality "1"]

1. c4 e6 2. Nc3 d5 3. d4 Nf6 4. cxd5 exd5 5. Bg5 c6 6. e3 h6 7. Bh4 Be7 8. Bd3 0-0 9. Nge2 Ne8 10. Bg3 Nd6 11. Qc2 Re8 12. 0-0 Bf8 13. Rae1 a5 14. Nc1 Na6 15. a3 Bd7 16. Nb3 b5 17. Nd2 b4 18. Ncb1 Qb6 19. Nf3 c5 20. Bxa6 Qxa6 21. Bxd6 Bxd6 22. dxc5 Rac8 23. Qd2 Bxc5 24. Rc1 Bb5 25. Rfe1 Bd3 26. axb4 axb4 27. Qd1 Bb6 28. Rxc8 Rxc8 29. Ne5 Be4 30. Nd2 Bc2 31. Qf3 Qb7 32. Rc1 Rc7 33. h4 b3 34. Ra1 Re7 35. Ng4 f5 36. Nh2 d4 37. Qxb7 Rxb7 38. Ra8+ Kh7 39. Nc4 dxe3 40. fxe3 Ba7 41. Kf2 Rc7 42. Nd6 f4 43. Ng4 Bd1 44. Rc8 Rc2+ 0-1

[Event "New York 1000 GM Spring GM-A"]
[Site "New York"]
[Date "2024.03.30"]
[Round "6"]
[White "Ostrovskiy, Aleksandr A"]
[Black "Lu, Maximillian"]
[Result "1/2-1/2"]
[WhiteElo "2411"]
[BlackElo "2375"]
[PlyCount "132"]
[EventDate "2024.03.27"]
[EventType "tourn"]
[EventRounds "9"]
[EventCountry "USA"]
[EventCategory "8"]
[SourceTitle "CBM 219 Extra"]
[Source "ChessBase"]
[SourceDate "2024.05.31"]
[SourceVersion "1"]
[SourceVersionDate "2024.05.31"]
[SourceQuality "1"]

1. e4 c5 2. Nf3 d6 3. d4 cxd4 4. Nxd4 Nf6 5. Nc3 a6 6. Be3 e5 7. Nf3 Be7 8. Nd2 Qc7 9. Nc4 Nbd7 10. a4 b6 11. Be2 0-0 12. 0-0 Rb8 13. Bg5 h6 14. Bxf6 Nxf6 15. Ne3 Bb7 16. Qd3 Rfc8 17. Rfd1 Qc5 18. Nf5 Bf8 19. Nxd6 Bxd6 20. Qxd6 Nxe4 21. Nxe4 Bxe4 22. Qxc5 Rxc5 23. c3 a5 24. Bb5 Bf5 25. Rd6 Kf8 26. Rad1 Ke7 27. Kf1 Be6 28. Ke2 Rb7 29. Ke3 f5 30. Rd8 Rc8 31. Rxc8 Bxc8 32. Rd5 Ke6 33. Bc4 Rc7 34. Rc5+ Kd6 35. Rd5+ Ke7 36. Bb5 Rc5 37. Rd2 Be6 38. g3 g5 39. f4 exf4+ 40. gxf4 Rc8 41. Rd4 g4 42. Bd3 h5 43. Kf2 h4 44. Bc2 Rc6 45. Rd2 Rc4 46. Ke3 Rc8 47. Kf2 Rc5 48. Re2 Kf6 49. Rd2 Ke7 50. Re2 Kf6 51. Rd2 Bd5 52. Re2 Rc4 53. Ke3 g3 54. hxg3 hxg3 55. Rd2 g2 56. Rd1 Bb7 57. Rd6+ Kg7 58. Rd1 Kg6 59. Rg1 Kf6 60. Rd1 Kg6 61. Rg1 Bc6 62. Rd1 Ba8 63. Rg1 Bb7 64. Rd1 Kf6 65. Rd6+ Kf7 66. Rd1 Kg6 1/2-1/2

[Event "New York 1000 GM Spring GM-A"]
[Site "New York"]
[Date "2024.03.27"]
[Round "1"]
[White "Huston, Gus"]
[Black "Lu, Maximillian"]
[Result "1-0"]
[WhiteElo "2401"]
[BlackElo "2375"]
[PlyCount "125"]
[EventDate "2024.03.27"]
[EventType "tourn"]
[EventRounds "9"]
[EventCountry "USA"]
[EventCategory "8"]
[SourceTitle "CBM 219 Extra"]
[Source "ChessBase"]
[SourceDate "2024.05.31"]
[SourceVersion "1"]
[SourceVersionDate "2024.05.31"]
[SourceQuality "1"]

1. d4 Nf6 2. c4 d6 3. Nc3 e5 4. d5 e4 5. Bg5 Be7 6. e3 0-0 7. Nge2 Bf5 8. Ng3 Qc8 9. Ncxe4 Bxe4 10. Nxe4 Nxe4 11. Bxe7 Qf5 12. f3 Re8 13. Bh4 Qh5 14. Bf2 Nxf2 15. Kxf2 Nd7 16. Qd4 Re7 17. Re1 a5 18. Bd3 Rae8 19. Bc2 Nc5 20. Qf4 b5 21. b3 Re5 22. h4 f5 23. cxb5 Rxd5 24. Qc4 Qf7 25. Rd1 Rde5 26. Qxf7+ Kxf7 27. Rhe1 Rb8 28. a4 g6 29. Rd4 Ne6 30. Rc4 Re8 31. Rd1 Rc5 32. Rxc5 Nxc5 33. Rb1 Ra8 34. Ke2 Ke6 35. Kd2 Kd7 36. b4 axb4 37. Rxb4 c6 38. bxc6+ Kxc6 39. Bd3 Nxd3 40. Kxd3 Kc5 41. Rc4+ Kd5 42. Kc3 h6 43. Kb3 g5 44. h5 Ra7 45. Rb4 Kc6 46. Rb5 Re7 47. Rxf5 Rxe3+ 48. Kb4 g4 49. Rf6 gxf3 50. gxf3 Re5 51. Rxh6 Rf5 52. Rh8 Rf4+ 53. Ka5 Rxf3 54. h6 Rh3 55. Ka6 Rh4 56. a5 Rh5 57. h7 Kd5 58. Kb6 Rh1 59. a6 Rb1+ 60. Kc7 Rc1+ 61. Kd7 Rg1 62. Rg8 Rf1 63. Rh8 1-0